Arte gráfico del hemisferio occidental
Saved in:
| Format: | Bog |
|---|---|
| Sprog: | spansk |
| Udgivet: |
Nueva York
International Business Machines
1941
|
| Serier: | Colección Permanente
|
| Fag: | |
| Tags: |
Tilføj Tag
Ingen Tags, Vær først til at tagge denne postø!
|
MARC
| LEADER | 00000nam a2200000 a 4500 | ||
|---|---|---|---|
| 001 | UCZ7696 | ||
| 003 | CL-VaPUC | ||
| 008 | 960109e19410000US |||||||||||||||||spa|d | ||
| 082 | 0 | 4 | |a 760 |b ART |2 21 |
| 245 | 1 | 0 | |a Arte gráfico del hemisferio occidental |
| 300 | |a 150 p | ||
| 942 | |c BK | ||
| 945 | |d 19960109 00:00:00 |a rleighto | ||
| 260 | |a Nueva York |b International Business Machines |c 1941 | ||
| 650 | 0 | |a Artes gráficas |9 265865 | |
| 650 | 0 | |a Dibujo |9 260181 | |
| 650 | 7 | |a PINTURA LATINOAMERICANA |2 CL-VaPUC |9 266012 | |
| 650 | 0 | |a Bellas artes |9 334299 | |
| 650 | 0 | |a Artistas latinoamericanos |9 352687 | |
| 651 | 0 | |a Argentina |9 254888 | |
| 651 | 0 | |a Bolivia |9 255454 | |
| 651 | 0 | |a Estados Unidos |9 255178 | |
| 651 | 0 | |a México |9 255269 | |
| 651 | 7 | |a PUERTO RICO |2 CL-VaPUC |9 254988 | |
| 651 | 0 | |a Venezuela |9 254993 | |
| 651 | 7 | |a CUBA |2 CL-VaPUC |9 255263 | |
| 651 | 7 | |a CANADA |2 CL-VaPUC |9 352688 | |
| 583 | |a last modification |c 19960109 00:00:00 |k Rodrigo Vera | ||
| 490 | 0 | |a Colección Permanente | |
| 999 | |c 243736 |d 243734 | ||
| 952 | |0 0 |1 0 |4 0 |6 760_000000000000000_ART_1941 |7 0 |8 A |9 257522 |a BIBARQ |b BIBARQ |d 2019-11-19 |i 3166945 |l 1 |o 760 ART 1941 |p 3166945 |r 2025-01-20 |s 2022-06-24 |w 2019-11-19 |y BK |k ARQ | ||